| 000 | 00436nam a22001697a 4500 | ||
|---|---|---|---|
| 003 | BD-ChCU | ||
| 005 | 20251204130428.0 | ||
| 008 | 251204b bg ||||| |||| 00| 0 ben d | ||
| 040 | _cBD-ChCU | ||
| 082 | _a335.4 STM | ||
| 100 |
_aSteedman , Ian . _917518 |
||
| 245 |
_aMarx after Sraffa./ _cIan , Steedman. |
||
| 260 |
_aLondon : _bNLB , _cC 1977 |
||
| 300 | _a218p | ||
| 650 | 0 |
_aCommunism . Socialism. _917519 |
|
| 942 |
_2ddc _cBK _n0 |
||
| 999 |
_c110146 _d110146 |
||